000 00705nam a2200241Ia 4500
005 20250425162115.0
008 250425s9999 xx 000 0 und d
020 _a8483014750
041 _aspa
082 _a623.8144
_pOLI
100 _aOlivella Puig, Joan
245 0 _aTeoría del Buque: Flotabilidad y Estabilidad
_cJoan Olivella Puig
250 _a2a. Edición/
_bReimpresión
260 _aBarcelona
_bEdicions UPC
_c2001
300 _a275 p.
_bGráficos
_c25.8 cm.
500 _aÍndice, índice alfabético
504 _aReferencia bibliográfica
650 _aBuque-Resistencia y Estabilidad
650 _aEstabilidad
650 _aLíneas de Carga
942 _c01
010 _a50560
999 _c222472
_d222472